000 00412nam a2200145Ia 4500
008 100122s9999 xx 000 0 und d
082 _b65660
_a823.08
100 _aखान राजन
245 _aबीज धारणा
260 _bश्रीपाद प्रकाशन
_c2004
300 _a184
630 _aबीज धारणा
730 _aबीज धारणा
942 _cBOOK
999 _c438583
_d438580